00702 a2200181 45000010006000000050017000060080041000230030015000640400040000790800124001192450068002430200018003112640033003293000019003621000019003817000021004008560099004214706120260407155739.0260407a1999 arg spa dAR-UNSa-BCEJYS aAR-UNSa-BCEJYSbspacAR-UNSa-BCEJYS a330.101xCiencia económica en general. La economía y sus problemas. Objeto y métodos de la economía política 10aEl teórico accidentalpotras noticias de la ciencia lúgubre a84-7423-952-4 1aBarcelona :bCríticac1999 a194 p.c23 cm.1 aPascual, Jordi1 aKrugman, Paul R.41uhttps://www.biblioeco.unsa.edu.ar/pmb/images/libros/L127382.jpgyImagen de portadaqimage/jpeg